000 00407nam a2200169Ia 4500
008 230524s9999 xx 000 0 und d
020 _a8120327624
082 _a4
_bKUN
100 _aSudakshina Kundu
_99145
245 0 _aFundamentals of Computer Networks
250 _a1STR
260 _aNEW DELHI
_bPHI
_c2005
300 _aXV;243
500 _aQuantity Number: 1
650 _aComp-Sc
942 _cBK
999 _c13022
_d13022